Efficacy of flammulina velutipes (enoki mushroom) in increasing HDL level in rattus norvegicus / (Record no. 284050)
[ view plain ]
| 000 -LEADER | |
|---|---|
| fixed length control field | 00731nam a2200205Ia 4500 |
| 008 - FIXED-LENGTH DATA ELEMENTS--GENERAL INFORMATION | |
| fixed length control field | 150520s9999 xx 000 0 und d |
| 050 ## - LIBRARY OF CONGRESS CALL NUMBER | |
| Classification number | RC 629 |
| 050 ## - LIBRARY OF CONGRESS CALL NUMBER | |
| Item number | .B428 2015 |
| 100 ## - MAIN ENTRY--PERSONAL NAME | |
| Personal name | Belena, King F. |
| 245 ## - TITLE STATEMENT | |
| Title | Efficacy of flammulina velutipes (enoki mushroom) in increasing HDL level in rattus norvegicus / |
| 245 ## - TITLE STATEMENT | |
| Statement of responsibility, etc | King F. Belena, Maryan Fearl Myen C. Benito, Ranya U. De Guia, Mark Adrian D. Nival, Philline Mae B. Pacete . |
| 260 ## - PUBLICATION, DISTRIBUTION, ETC. (IMPRINT) | |
| Place of publication, distribution, etc | Las Piñas, Philippines : |
| 260 ## - PUBLICATION, DISTRIBUTION, ETC. (IMPRINT) | |
| Name of publisher, distributor, etc | SISC, |
| 260 ## - PUBLICATION, DISTRIBUTION, ETC. (IMPRINT) | |
| Date of publication, distribution, etc | 2015. |
| 300 ## - PHYSICAL DESCRIPTION | |
| Extent | 87 pages : |
| 300 ## - PHYSICAL DESCRIPTION | |
| Other physical details | color illustrations ; |
| 300 ## - PHYSICAL DESCRIPTION | |
| Dimensions | 28 cm. |
| 500 ## - GENERAL NOTE | |
| General note | Includes bibliographical references and appendices. |
| 650 ## - SUBJECT ADDED ENTRY--TOPICAL TERM | |
| Topical term or geographic name as entry element | Enoki Mushroom (Flammulina Velutipes) |
No items available.